Đạo đức 5 Sách giáo viên
v.v...
Đã lưu trong:
| Tác giả chính: | |
|---|---|
| Định dạng: | Sách |
| Năm xuất bản: |
H.
Giáo dục
2009
|
| Phiên bản: | Tái bản lần thứ 3 |
| Chủ đề: | |
| Tags: |
Thêm thẻ
Không có thẻ, Hãy là người đầu tiên gắn thẻ bản ghi này!
|
| LEADER | 03044nam a2200349 4500 | ||
|---|---|---|---|
| 999 | |c 11218 |d 11218 | ||
| 082 | |a 170.71 |b Đ108đ. | ||
| 100 | |a Lưu Thu Thủy chủ biên | ||
| 245 | |a Đạo đức 5 |c Lưu Thu Thủy chủ biên, Nguyễn Việt Bắc, Nguyên Hữu Hợp,... |b Sách giáo viên | ||
| 250 | |a Tái bản lần thứ 3 | ||
| 260 | |a H. |b Giáo dục |c 2009 | ||
| 300 | |a 87 tr. |c 24 cm. | ||
| 520 | |a v.v... | ||
| 653 | |a Đạo đức | ||
| 653 | |a Lớp 5 | ||
| 653 | |a Sách giáo viên | ||
| 653 | |a Giáo dục tiểu học | ||
| 942 | |2 ddc |c STK0 | ||
| 952 | |0 0 |1 0 |2 ddc |4 0 |6 170_710000000000000_Đ108Đ |7 0 |8 100 |9 96316 |a qbu |b qbu |c D2 |d 2015-09-30 |g 4200 |o 170.71 Đ108đ. |p 10992.c1 |r 0000-00-00 |w 2015-09-30 |y STK0 | ||
| 952 | |0 0 |1 0 |2 ddc |4 0 |6 170_710000000000000_Đ108Đ |7 0 |8 100 |9 96317 |a qbu |b qbu |c D2 |d 2015-09-30 |g 4200 |l 7 |o 170.71 Đ108đ. |p 10992.c2 |r 2019-12-12 |s 2019-12-04 |w 2015-09-30 |y STK0 | ||
| 952 | |0 0 |1 0 |2 ddc |4 0 |6 170_710000000000000_Đ108Đ |7 0 |8 100 |9 96318 |a qbu |b qbu |c D2 |d 2015-09-30 |g 4200 |l 3 |o 170.71 Đ108đ. |p 10992.c3 |r 2019-12-12 |s 2019-12-10 |w 2015-09-30 |y STK0 | ||
| 952 | |0 0 |1 0 |2 ddc |4 0 |6 170_710000000000000_Đ108Đ |7 0 |8 100 |9 96319 |a qbu |b qbu |c D2 |d 2015-09-30 |g 4200 |l 12 |m 1 |o 170.71 Đ108đ. |p 10992.c4 |r 2019-12-12 |s 2019-12-10 |w 2015-09-30 |y STK0 | ||
| 952 | |0 0 |1 0 |2 ddc |4 0 |6 170_710000000000000_Đ108Đ |7 0 |8 100 |9 96320 |a qbu |b qbu |c D2 |d 2015-09-30 |g 4200 |l 6 |m 1 |o 170.71 Đ108đ. |p 10992.c5 |r 2019-12-12 |s 2019-12-10 |w 2015-09-30 |y STK0 | ||
| 952 | |0 0 |1 0 |2 ddc |4 0 |6 170_710000000000000_Đ108Đ |7 0 |8 100 |9 96321 |a qbu |b qbu |c D2 |d 2015-09-30 |g 4200 |l 7 |m 1 |o 170.71 Đ108đ. |p 10992.c6 |r 2019-12-12 |s 2019-12-10 |w 2015-09-30 |y STK0 | ||
| 952 | |0 0 |1 0 |2 ddc |4 0 |6 170_710000000000000_Đ108Đ |7 0 |8 100 |9 96322 |a qbu |b qbu |c D2 |d 2015-09-30 |g 4200 |l 5 |o 170.71 Đ108đ. |p 10992.c7 |r 2019-12-12 |s 2019-12-10 |w 2015-09-30 |y STK0 | ||
| 952 | |0 0 |1 0 |2 ddc |4 0 |6 170_710000000000000_Đ108Đ |7 0 |8 100 |9 96323 |a qbu |b qbu |c D2 |d 2015-09-30 |g 4200 |l 5 |o 170.71 Đ108đ. |p 10992.c8 |r 2019-12-12 |s 2019-12-04 |w 2015-09-30 |y STK0 | ||
| 952 | |0 0 |1 0 |2 ddc |4 0 |6 170_710000000000000_Đ108Đ |7 0 |8 100 |9 96324 |a qbu |b qbu |c D2 |d 2015-09-30 |g 4200 |l 7 |m 1 |o 170.71 Đ108đ. |p 10992.c9 |r 2019-12-12 |s 2019-12-10 |w 2015-09-30 |y STK0 | ||
| 952 | |0 0 |1 0 |2 ddc |4 0 |6 170_710000000000000_Đ108Đ |7 0 |8 100 |9 96325 |a qbu |b qbu |c D2 |d 2015-09-30 |g 4200 |l 6 |m 1 |o 170.71 Đ108đ. |p 10992.c10 |r 2019-12-12 |s 2019-12-10 |w 2015-09-30 |y STK0 | ||
| 952 | |0 0 |1 0 |2 ddc |4 0 |6 170_710000000000000_Đ108Đ |7 0 |8 100 |9 96326 |a qbu |b qbu |c D2 |d 2015-09-30 |g 4200 |l 12 |m 2 |o 170.71 Đ108đ. |p 10992.c11 |r 2019-12-12 |s 2019-12-10 |w 2015-09-30 |y STK0 | ||
| 952 | |0 0 |1 0 |2 ddc |4 0 |6 170_710000000000000_Đ108Đ |7 0 |8 100 |9 96327 |a qbu |b qbu |c D2 |d 2015-09-30 |g 4200 |l 4 |m 1 |o 170.71 Đ108đ. |p 10992.c12 |r 2019-12-12 |s 2019-12-10 |w 2015-09-30 |y STK0 | ||
| 952 | |0 0 |1 0 |2 ddc |4 0 |6 170_710000000000000_Đ108Đ |7 0 |8 100 |9 96328 |a qbu |b qbu |c D2 |d 2015-09-30 |g 4200 |l 8 |o 170.71 Đ108đ. |p 10992.c13 |r 2019-12-12 |s 2019-12-10 |w 2015-09-30 |y STK0 | ||
| 952 | |0 0 |1 0 |2 ddc |4 0 |6 170_710000000000000_Đ108Đ |7 0 |8 100 |9 96329 |a qbu |b qbu |c D2 |d 2015-09-30 |g 4200 |l 8 |m 2 |o 170.71 Đ108đ. |p 10992.c14 |r 2019-12-12 |s 2019-12-11 |w 2015-09-30 |y STK0 | ||